|
|
|
|
| LEADER |
00000cam a22000004a 4500 |
| 001 |
musev2_7710 |
| 003 |
MdBmJHUP |
| 005 |
20230905040900.0 |
| 006 |
m o d |
| 007 |
cr||||||||nn|n |
| 008 |
071017s2008 nyu o 00 0 eng d |
| 010 |
|
|
|z 2007043259
|
| 020 |
|
|
|a 9780814759011
|
| 020 |
|
|
|z 0814759017
|
| 020 |
|
|
|z 9780814758267
|
| 020 |
|
|
|z 0814758266
|
| 035 |
|
|
|a (OCoLC)233535227
|
| 040 |
|
|
|a MdBmJHUP
|c MdBmJHUP
|
| 043 |
|
|
|a n-us---
|
| 050 |
0 |
4 |
|a BX8459.A4
|b N49 2008
|
| 082 |
0 |
|
|a 287/.83
|a B
|2 22
|
| 100 |
1 |
|
|a Newman, Richard S.
|
| 245 |
1 |
0 |
|a Freedom's Prophet :
|b Bishop Richard Allen, the AME Church, and the Black Founding Fathers /
|c Richard S. Newman.
|
| 264 |
|
1 |
|a New York :
|b New York University Press,
|c 2008.
|
| 264 |
|
3 |
|a Baltimore, Md. :
|b Project MUSE,
|c 2012
|
| 264 |
|
4 |
|c ©2008.
|
| 300 |
|
|
|a 1 online resource (368 pages):
|b ill. ;
|
| 336 |
|
|
|a text
|b txt
|2 rdacontent
|
| 337 |
|
|
|a computer
|b c
|2 rdamedia
|
| 338 |
|
|
|a online resource
|b cr
|2 rdacarrier
|
| 504 |
|
|
|a Includes bibliographical references (p. 301-340) and index.
|
| 505 |
0 |
|
|a Introduction: A Black founder's many worlds -- "For zion's sake ... I will not rest" -- Gospel labors -- The year of the fever, part 1 : a (deceptively) simple narrative of the Black people -- The year of the fever, part 2 : Allen's antislavery appeal -- "We participate in common" : Allen's role as a Black mediator -- A liberating theology : establishing the AME Church -- Stay or go : Allen and African colonization -- Allen challenged : shadow politics and community conflict in the 1820s -- A Black founders' expanding visions -- Last rights -- Conclusion: Richard Allen and the soul of Black reform.
|
| 588 |
|
|
|a Description based on print version record.
|
| 600 |
1 |
0 |
|a Allen, Richard,
|d 1760-1831.
|
| 610 |
2 |
0 |
|a African Methodist Episcopal Church
|x History.
|
| 610 |
2 |
0 |
|a African Methodist Episcopal Church
|x Bishops
|v Biography.
|
| 650 |
|
0 |
|a Bishops
|z United States
|v Biography.
|
| 655 |
|
7 |
|a Electronic books.
|2 local
|
| 710 |
2 |
|
|a Project Muse.
|e distributor
|
| 830 |
|
0 |
|a Book collections on Project MUSE.
|
| 856 |
4 |
0 |
|z Texto completo
|u https://projectmuse.uam.elogim.com/book/7710/
|
| 945 |
|
|
|a Project MUSE - Custom Collection
|
| 945 |
|
|
|a Project MUSE - Archive Complete Foundation
|
| 945 |
|
|
|a Project MUSE - Archive Philosophy and Religion Foundation
|